From Saul to Paul: (Record no. 5183)

000 -LEADER
fixed length control field 00706nam a2200205 a 4500
001 - CONTROL NUMBER
control field :::00002924$&:&@@
003 - CONTROL NUMBER IDENTIFIER
control field OkBaRHE
005 - DATE AND TIME OF LATEST TRANSACTION
control field 20000607103258.0
008 - FIXED-LENGTH DATA ELEMENTS--GENERAL INFORMATION
fixed length control field s1962 j 000 0 eng u
040 ## - CATALOGING SOURCE
Transcribing agency
100 1# - MAIN ENTRY--PERSONAL NAME
Personal name Smith, Roy Lemon, 1887-
245 10 - TITLE STATEMENT
Title From Saul to Paul:
Remainder of title the making of an apostle.
260 ## - PUBLICATION, DISTRIBUTION, ETC. (IMPRINT)
Place of publication, distribution, etc Nashville, TN., :
Name of publisher, distributor, etc Tidings
Date of publication, distribution, etc c1962
300 ## - PHYSICAL DESCRIPTION
Extent 104 p. ;
Dimensions 19 cm.
650 ## - SUBJECT ADDED ENTRY--TOPICAL TERM
Topical term or geographic name as entry element Bible New Testament
General subdivision Biography
650 ## - SUBJECT ADDED ENTRY--TOPICAL TERM
Topical term or geographic name as entry element Paul, Saint, apostle
942 ## - ADDED ENTRY ELEMENTS (KOHA)
Source of classification or shelving scheme
Koha item type Books
Copies
Barcode Copy number Source of classification or shelving scheme Full call number Permanent Location Price effective from Date last seen Withdrawn status Damaged status Shelving location Not for loan Date acquired Koha item type Lost status
29241 BS 2505 .S393RHEMA Bible Training College2010-04-142018-03-16  General Stacks 2010-04-14Books 
155562 BS 2505 .S393RHEMA Bible Training College2010-04-142018-03-16  General Stacks 2010-04-14Books